00579nam a2200181Ia 450000500170000000800410001702000280005804000190008604100120010508200150011710000210013224500950015326000410024830000250028950400360031465000370035085000100038720221130134632.0131103s9999 xx 000 0 und d aSBN : 195615867cRs.140 aLoreto College aEnglish a954.8bKAR aKarashima,Noboru aSouth Indian History and societyb studies from inscriptions 850 - 1800 cNoboru Karashima aDelhibOxford University Pressc1984 a217 p.b maps,tables aIncludes index and bibliography aSouth Indian History and Society aLCLIB